[Event "Issykkul op"]
[Site "Korumdu"]
[Date "2023.07.20"]
[Round "10"]
[White "Isajevsky, Anton"]
[Black "Koziak, Vitali"]
[Result "0-1"]
[WhiteElo "2403"]
[BlackElo "2364"]
[PlyCount "96"]
[EventDate "2023.07.12"]
[EventType "swiss"]
[EventRounds "10"]
[EventCountry "KGZ"]
[SourceTitle "CBM 215 Extra"]
[Source "ChessBase"]
[SourceDate "2023.09.30"]
[SourceVersion "1"]
[SourceVersionDate "2023.09.30"]
[SourceQuality "1"]

1. d4 f5 2. g3 Nf6 3. Bg2 e6 4. c4 d5 5. Nc3 c6 6. Nh3 Bd6 7. 0-0 0-0 8. Qc2 Qe7 9. Bf4 Bxf4 10. Nxf4 dxc4 11. e4 e5 12. dxe5 Qxe5 13. h4 Na6 14. Rfe1 Nb4 15. Qa4 Qc5 16. a3 Ng4 17. Nd1 Nd3 18. Nxd3 cxd3 19. Qb3+ Kh8 20. Qxd3 f4 21. gxf4 Rxf4 22. Qg3 Rf8 23. Ne3 Rxf2 24. Rac1 Qb6 25. Bf3 Rxf3 26. Qxf3 Be6 27. Kh1 h5 28. Nxg4 Bxg4 29. Qg2 Qd8 30. Qf2 Qe7 31. Rc3 Rf8 32. Qg3 Rd8 33. Qh2 Qf6 34. Kg1 Rd4 35. Rce3 Qd8 36. Qg3 Rd6 37. Kh1 Kh7 38. b4 Rg6 39. Rg1 Qd4 40. Qf4 Rf6 41. Qg5 Rf2 42. Rg2 Rf1+ 43. Rg1 Rf2 44. Rg2 Qd1+ 45. Kh2 Rf1 46. Ree2 Rh1+ 47. Kg3 Rh3+ 48. Kf4 Qd6+ 0-1

[Event "UKR-ch op 89th"]
[Site "Kremenchuk"]
[Date "2020.11.25"]
[Round "8"]
[White "Galperin, Platon"]
[Black "Koziak, Vitali"]
[Result "1-0"]
[WhiteElo "2461"]
[BlackElo "2428"]
[PlyCount "67"]
[EventDate "2020.11.18"]
[EventType "swiss"]
[EventRounds "9"]
[EventCountry "UKR"]
[SourceTitle "CBM 199"]
[Source "ChessBase"]
[SourceDate "2020.12.31"]
[SourceVersion "1"]
[SourceVersionDate "2020.12.31"]
[SourceQuality "1"]

1. d4 d5 2. c4 c6 3. Nf3 Nf6 4. Nc3 dxc4 5. e4 b5 6. Be2 e6 7. 0-0 Bb7 8. b3 b4 9. e5 Nd5 10. Nxd5 cxd5 11. bxc4 dxc4 12. Bxc4 Be7 13. Be3 0-0 14. Nd2 Ba6 15. Qg4 Kh8 16. f4 Bxc4 17. Nxc4 Qd5 18. Rac1 Nc6 19. Rfd1 g6 20. Bf2 Rac8 21. Rc2 Rfd8 22. Ne3 Qb5 23. d5 exd5 24. Rxd5 Qa6 25. h4 h5 26. Qd1 Na5 27. f5 Rxd5 28. Rxc8+ Qxc8 29. Qxd5 Qc1+ 30. Kh2 Qc5 31. Qxf7 Qxe5+ 32. Bg3 Qf6 33. Qe8+ Kg7 34. Nd5 1-0

[Event "UKR-ch op 89th"]
[Site "Kremenchuk"]
[Date "2020.11.18"]
[Round "1.1"]
[White "Koziak, Vitali"]
[Black "Korobov, Anton"]
[Result "0-1"]
[WhiteElo "2428"]
[BlackElo "2683"]
[PlyCount "80"]
[EventDate "2020.11.18"]
[EventType "swiss"]
[EventRounds "9"]
[EventCountry "UKR"]
[SourceTitle "CBM 199 Extra"]
[Source "ChessBase"]
[SourceDate "2021.01.31"]
[SourceVersion "1"]
[SourceVersionDate "2021.01.31"]
[SourceQuality "1"]

1. e4 c5 2. c3 Qa5 3. Na3 Nc6 4. Nc4 Qd8 5. Nf3 e6 6. e5 Nh6 7. d4 cxd4 8. Bxh6 gxh6 9. Nxd4 Qg5 10. g3 Bc5 11. f4 Qe7 12. Nxc6 bxc6 13. Bd3 0-0 14. Qh5 f6 15. Qxh6 fxe5 16. fxe5 Bf2+ 17. Ke2 Ba6 18. Rhf1 Bxc4 19. Bxc4 Qc5 20. Bd3 Rf7 21. Qg5+ Kh8 22. Kd2 Raf8 23. Kc2 d5 24. Rad1 Qb6 25. Rd2 Be3 26. Rxf7 Rxf7 27. Qh5 Rb7 28. b4 Bxd2 29. Qe8+ Kg7 30. Qxe6 Qf2 31. Qg4+ Bg5+ 32. Kb3 h6 33. h4 c5 34. hxg5 c4+ 35. Bxc4 dxc4+ 36. Qxc4 hxg5 37. Qd5 Re7 38. Qd4 Qxd4 39. cxd4 Kf7 40. b5 Ke6 0-1

[Event "Pardubice Czech op-A 31st"]
[Site "Pardubice"]
[Date "2020.09.27"]
[Round "8"]
[White "Stalmach, Richard"]
[Black "Koziak, Vitali"]
[Result "1-0"]
[WhiteElo "2287"]
[BlackElo "2434"]
[PlyCount "81"]
[EventDate "2020.09.21"]
[EventType "swiss"]
[EventRounds "9"]
[EventCountry "CZE"]
[SourceTitle "CBM 198 Extra"]
[Source "ChessBase"]
[SourceDate "2020.11.30"]
[SourceVersion "1"]
[SourceVersionDate "2020.11.30"]
[SourceQuality "1"]

1. d4 f5 2. Nf3 Nf6 3. c4 g6 4. g3 Bg7 5. Bg2 0-0 6. 0-0 d6 7. Nc3 Qe8 8. d5 Na6 9. Rb1 Nc5 10. b4 Nce4 11. Bb2 e5 12. dxe6 Bxe6 13. Nxe4 fxe4 14. Nd2 d5 15. cxd5 Bxd5 16. Qc2 Qc6 17. Qxc6 bxc6 18. Bxf6 Rxf6 19. Bxe4 Bxa2 20. Rbc1 Rd8 21. Rc2 Bf7 22. Bd3 Rb8 23. Ne4 Re6 24. Ng5 Rd6 25. Nxf7 Kxf7 26. b5 Ke7 27. bxc6 a5 28. Rfc1 a4 29. Ra2 Ra8 30. Kg2 a3 31. Rb1 Rd5 32. f4 Raa5 33. Be4 Rd4 34. Bf3 Rda4 35. e3 Ra8 36. Rb7 R8a7 37. Rb3 Bb2 38. Rd3 Kf6 39. Rd7 h5 40. h4 Rc4 41. Bd5 1-0

[Event "Katowice POL-HUN rapid 8th"]
[Site "Katowice"]
[Date "2020.09.13"]
[Round "9.8"]
[White "Barski, Radoslaw"]
[Black "Koziak, Vitali"]
[Result "1-0"]
[WhiteElo "2446"]
[BlackElo "2434"]
[PlyCount "69"]
[EventDate "2020.09.13"]
[EventType "swiss (rapid)"]
[EventRounds "9"]
[EventCountry "POL"]
[SourceTitle "CBM 198 Extra"]
[Source "ChessBase"]
[SourceDate "2020.11.30"]
[SourceVersion "1"]
[SourceVersionDate "2020.11.30"]
[SourceQuality "1"]

1. e4 c5 2. Nc3 a6 3. g3 b5 4. Bg2 Bb7 5. Nge2 b4 6. Na4 e6 7. d4 Nf6 8. d5 exd5 9. exd5 d6 10. 0-0 Be7 11. b3 0-0 12. Bb2 Nbd7 13. h3 Re8 14. g4 Nb6 15. Nxb6 Qxb6 16. Ng3 Nd7 17. Qd2 Bf8 18. Nf5 Ne5 19. Rae1 Rad8 20. f4 Ng6 21. Kh2 a5 22. c4 Bc8 23. Qf2 Qc7 24. Ng3 Qd7 25. f5 Ne5 26. Bxe5 Rxe5 27. Rxe5 dxe5 28. Ne4 Qc7 29. g5 a4 30. Qh4 axb3 31. axb3 Bd7 32. g6 fxg6 33. fxg6 h6 34. Rf7 Qc8 35. Qxh6 1-0

[Event "Katowice POL-HUN rapid 8th"]
[Site "Katowice"]
[Date "2020.09.13"]
[Round "8.6"]
[White "Koziak, Vitali"]
[Black "Jakubowski, Krzysztof"]
[Result "0-1"]
[WhiteElo "2434"]
[BlackElo "2481"]
[PlyCount "67"]
[EventDate "2020.09.13"]
[EventType "swiss (rapid)"]
[EventRounds "9"]
[EventCountry "POL"]
[SourceTitle "CBM 198 Extra"]
[Source "ChessBase"]
[SourceDate "2020.11.30"]
[SourceVersion "1"]
[SourceVersionDate "2020.11.30"]
[SourceQuality "1"]

1. d4 Nf6 2. c4 e6 3. Nf3 b6 4. a3 Bb7 5. Nc3 g6 6. d5 exd5 7. cxd5 Bg7 8. g3 0-0 9. Bg2 a5 10. 0-0 Re8 11. Bf4 Na6 12. Rc1 Ne4 13. Nxe4 Rxe4 14. d6 c6 15. Ng5 Re8 16. Qb3 Rf8 17. e4 Rb8 18. e5 Nc5 19. Qc2 Ba6 20. Rfd1 h6 21. Nf3 Ne6 22. h4 g5 23. hxg5 hxg5 24. Be3 f5 25. exf6 Qxf6 26. Nd4 Rbe8 27. b4 Nf4 28. b5 Nxg2 29. Kxg2 cxb5 30. Qb3+ Rf7 31. Rc7 Rxe3 32. Qxe3 Qxd6 33. Nxb5 Qxd1 34. Qe8+ 0-1

[Event "Katowice POL-HUN blitz 8th"]
[Site "Katowice"]
[Date "2020.09.12"]
[Round "11.1"]
[White "Koziak, Vitali"]
[Black "Janik, Igor"]
[Result "1-0"]
[WhiteElo "2434"]
[BlackElo "2470"]
[PlyCount "57"]
[EventDate "2020.09.12"]
[EventType "swiss (blitz)"]
[EventRounds "13"]
[EventCountry "POL"]
[SourceTitle "CBM 198 Extra"]
[Source "ChessBase"]
[SourceDate "2020.11.30"]
[SourceVersion "1"]
[SourceVersionDate "2020.11.30"]
[SourceQuality "1"]

1. d4 Nf6 2. c4 e6 3. Nf3 b6 4. a3 Bb7 5. Nc3 Ne4 6. Nxe4 Bxe4 7. e3 g6 8. Bd3 Bxd3 9. Qxd3 Bg7 10. e4 0-0 11. h4 Nc6 12. h5 d6 13. hxg6 fxg6 14. Be3 Qf6 15. 0-0-0 e5 16. d5 Nd4 17. Ng5 h6 18. Bxd4 Qxg5+ 19. Be3 Qxg2 20. Rhg1 Qf3 21. Rxg6 Kh7 22. Rdg1 Rf7 23. Rxg7+ Rxg7 24. Rxg7+ Kh8 25. Rg6 Rf8 26. Rxh6+ Kg7 27. Qd1 Qg2 28. Qh1 Qg4 29. Rh7+ 1-0

[Event "Katowice POL-HUN blitz 8th"]
[Site "Katowice"]
[Date "2020.09.12"]
[Round "13.2"]
[White "Koziak, Vitali"]
[Black "Piorun, Kacper"]
[Result "1/2-1/2"]
[WhiteElo "2434"]
[BlackElo "2596"]
[PlyCount "127"]
[EventDate "2020.09.12"]
[EventType "swiss (blitz)"]
[EventRounds "13"]
[EventCountry "POL"]
[SourceTitle "CBM 198 Extra"]
[Source "ChessBase"]
[SourceDate "2020.11.30"]
[SourceVersion "1"]
[SourceVersionDate "2020.11.30"]
[SourceQuality "1"]

1. d4 Nf6 2. c4 g6 3. Nf3 Bg7 4. g3 0-0 5. Bg2 d6 6. 0-0 Bf5 7. b3 Nc6 8. Bb2 d5 9. Nbd2 Be6 10. Ng5 Bc8 11. Rc1 h6 12. Ngf3 e6 13. Qc2 a5 14. a3 Re8 15. Rfd1 Bd7 16. e4 dxe4 17. Nxe4 Nxe4 18. Qxe4 Qc8 19. h4 Qd8 20. Ne5 Qe7 21. Nxd7 Qxd7 22. Rd3 Rab8 23. Rcd1 Ne7 24. Qf3 c6 25. Bc3 Qc7 26. Bd2 Rbd8 27. Bf4 Qc8 28. Be5 Nf5 29. Bh3 c5 30. Bxg7 Kxg7 31. Bxf5 exf5 32. dxc5 Rxd3 33. Qxd3 Qxc5 34. Qd4+ Qxd4 35. Rxd4 Re1+ 36. Kg2 Rb1 37. Rd5 Rxb3 38. Rxa5 b6 39. Rb5 Rxa3 40. Rxb6 Rc3 41. Rc6 h5 42. Kf1 Kf8 43. Ke2 Rc2+ 44. Ke3 Ke7 45. Rc7+ Ke6 46. f3 Rc3+ 47. Kf4 f6 48. Rc6+ Ke7 49. g4 fxg4 50. fxg4 hxg4 51. Kxg4 Rd3 52. Kf4 Rd4+ 53. Kg3 Kf7 54. Kh3 f5 55. Kg3 Rg4+ 56. Kh3 Ke7 57. c5 Kd7 58. Rd6+ Kc7 59. h5 gxh5 60. Rh6 Rg5 61. Kh4 Rg1 62. Rxh5 f4 63. Rf5 Kc6 64. Rxf4 1/2-1/2

[Event "Katowice POL-HUN blitz 8th"]
[Site "Katowice"]
[Date "2020.09.12"]
[Round "12.1"]
[White "Teclaf, Pawel"]
[Black "Koziak, Vitali"]
[Result "1-0"]
[WhiteElo "2464"]
[BlackElo "2434"]
[PlyCount "81"]
[EventDate "2020.09.12"]
[EventType "swiss (blitz)"]
[EventRounds "13"]
[EventCountry "POL"]
[SourceTitle "CBM 198 Extra"]
[Source "ChessBase"]
[SourceDate "2020.11.30"]
[SourceVersion "1"]
[SourceVersionDate "2020.11.30"]
[SourceQuality "1"]

1. Nf3 d5 2. e3 Nf6 3. b3 c6 4. Bb2 Bg4 5. h3 Bh5 6. d3 e6 7. Nbd2 a5 8. a3 Nbd7 9. g4 Bg6 10. Bg2 h6 11. Qe2 Be7 12. e4 0-0 13. h4 Nxg4 14. h5 Bh7 15. 0-0-0 a4 16. b4 c5 17. b5 Bf6 18. e5 Bg5 19. Bh3 Bf5 20. Nxg5 Qxg5 21. Rhg1 d4 22. Bxg4 Bxg4 23. Rxg4 Qxe5 24. Qf3 f5 25. Rg6 Nf6 26. Nc4 Qc7 27. Rdg1 Rf7 28. b6 Qh2 29. Rh1 Qb8 30. Qg2 Qf4+ 31. Kb1 Ng4 32. f3 Ne3 33. Nxe3 dxe3 34. Rxg7+ Kf8 35. Rxf7+ Kxf7 36. Qg7+ Ke8 37. Qg8+ Kd7 38. Qxa8 Qxf3 39. Re1 e2 40. Qa5 Kc6 41. Qd2 1-0

[Event "Skalica Masters op"]
[Site "Skalica"]
[Date "2020.08.27"]
[Round "6"]
[White "Pacher, Milan"]
[Black "Koziak, Vitali"]
[Result "1/2-1/2"]
[WhiteElo "2400"]
[BlackElo "2425"]
[PlyCount "85"]
[EventDate "2020.08.23"]
[EventType "swiss"]
[EventRounds "9"]
[EventCountry "SVK"]
[SourceTitle "CBM 198 Extra"]
[Source "ChessBase"]
[SourceDate "2020.11.30"]
[SourceVersion "1"]
[SourceVersionDate "2020.11.30"]
[SourceQuality "1"]

1. e4 c6 2. d4 d5 3. Nc3 dxe4 4. Nxe4 Nf6 5. Nxf6+ exf6 6. c3 Bd6 7. Bd3 0-0 8. Qc2 h6 9. Ne2 Qc7 10. h3 Nd7 11. 0-0 Re8 12. Bd2 Nf8 13. Rae1 Bd7 14. c4 Rad8 15. c5 Be7 16. Ng3 Ne6 17. Nf5 Bf8 18. Bc4 Bc8 19. Re4 Ng5 20. Bf4 Bxf5 21. Bxc7 Bxe4 22. Qa4 Rd7 23. Ba5 Bd5 24. Re1 Ne6 25. Bc3 a6 26. Bf1 g6 27. b4 Bg7 28. Qc2 f5 29. Qb2 Red8 30. a4 Ng5 31. f3 Bxf3 32. gxf3 Nxf3+ 33. Kf2 Nxe1 34. Kxe1 Bxd4 35. Bxd4 Rxd4 36. b5 Re4+ 37. Kf2 Rf4+ 38. Kg2 Rfd4 39. Kf3 axb5 40. axb5 g5 41. b6 Rf4+ 42. Kg2 Rfd4 43. Kf3 1/2-1/2

[Event "Skalica Masters op"]
[Site "Skalica"]
[Date "2020.08.25"]
[Round "4"]
[White "O'Gorman, Tom"]
[Black "Koziak, Vitali"]
[Result "0-1"]
[WhiteElo "2345"]
[BlackElo "2425"]
[PlyCount "68"]
[EventDate "2020.08.23"]
[EventType "swiss"]
[EventRounds "9"]
[EventCountry "SVK"]
[SourceTitle "CBM 198 Extra"]
[Source "ChessBase"]
[SourceDate "2020.11.30"]
[SourceVersion "1"]
[SourceVersionDate "2020.11.30"]
[SourceQuality "1"]

1. e4 e5 2. Nf3 Nc6 3. Bb5 Nf6 4. 0-0 Nxe4 5. Re1 Nd6 6. Nxe5 Nxe5 7. Rxe5+ Be7 8. Bf1 0-0 9. Nc3 Bf6 10. Re1 b6 11. d4 Bb7 12. Bf4 Nf5 13. d5 d6 14. Qd2 Ne7 15. Bc4 Bxc3 16. bxc3 Qd7 17. a4 a6 18. Qd3 Rae8 19. a5 b5 20. Bb3 c6 21. c4 bxc4 22. Bxc4 Nxd5 23. Bxd5 cxd5 24. Qd4 Rc8 25. Qb4 Rxc2 26. Rab1 Bc6 27. Bxd6 Rd8 28. Bg3 d4 29. Qb3 d3 30. Rbd1 Ba4 31. Qb6 d2 32. Rf1 Rc6 33. Qe3 Bxd1 34. Rxd1 Rc1 0-1

[Event "Ustron op-A"]
[Site "Ustron"]
[Date "2020.08.15"]
[Round "3"]
[White "Poley, Vladimir"]
[Black "Koziak, Vitali"]
[Result "1-0"]
[WhiteElo "2310"]
[BlackElo "2425"]
[PlyCount "66"]
[EventDate "2020.08.15"]
[EventType "swiss"]
[EventRounds "9"]
[EventCountry "POL"]
[SourceTitle "CBM 197 Extra"]
[Source "ChessBase"]
[SourceDate "2020.09.30"]
[SourceVersion "1"]
[SourceVersionDate "2020.09.30"]
[SourceQuality "1"]

1. Nf3 f5 2. b4 d6 3. Bb2 e5 4. d3 g6 5. Nbd2 Bg7 6. e4 Nf6 7. c4 0-0 8. c5 Kh8 9. Be2 Nh5 10. cxd6 cxd6 11. g3 Na6 12. a3 f4 13. d4 Qe7 14. dxe5 dxe5 15. Nc4 Bh3 16. Rg1 Rad8 17. Qc2 Rc8 18. b5 fxg3 19. hxg3 Qc5 20. bxa6 b5 21. Ne3 Qxc2 22. Nxc2 Rxc2 23. Bxe5 Rxe2+ 24. Kxe2 Bg4 25. Bxg7+ Nxg7 26. Rgb1 Ne6 27. a4 b4 28. Rxb4 Rxf3 29. Kf1 Nc5 30. Rc1 Nxa6 31. Rb7 Ra3 32. Rc4 Be6 33. Rd4 Bg8 1-0

[Event "Lvov Cup"]
[Site "Lvov"]
[Date "2019.08.20"]
[Round "5"]
[White "Koziak, Vitali"]
[Black "Galperin, Platon"]
[Result "1/2-1/2"]
[WhiteElo "2445"]
[BlackElo "2459"]
[PlyCount "26"]
[EventDate "2019.08.18"]
[EventType "swiss"]
[EventRounds "9"]
[EventCountry "UKR"]
[SourceTitle "EXT 2020"]
[Source "ChessBase"]
[SourceDate "2019.10.17"]
[SourceVersion "1"]
[SourceVersionDate "2019.10.17"]
[SourceQuality "1"]

1. d4 Nf6 2. Nf3 e6 3. c4 c5 4. g3 Qa5+ 5. Nbd2 cxd4 6. Nxd4 Nc6 7. Nxc6 dxc6 8. Bg2 Be7 9. 0-0 e5 10. a3 Qc7 11. b4 a5 12. Bb2 Be6 13. Bc3 axb4 1/2-1/2

[Event "Baltic Pearl op 15th"]
[Site "Lazy"]
[Date "2019.06.26"]
[Round "4"]
[White "Swicarz, Maciej"]
[Black "Koziak, Vitali"]
[Result "0-1"]
[WhiteElo "2341"]
[BlackElo "2473"]
[PlyCount "60"]
[EventDate "2019.06.23"]
[EventType "swiss"]
[EventRounds "9"]
[EventCountry "POL"]
[SourceTitle "CBM 191 Extra"]
[Source "ChessBase"]
[SourceDate "2019.09.30"]
[SourceVersion "1"]
[SourceVersionDate "2019.09.30"]
[SourceQuality "1"]

1. c4 c5 2. Nf3 Nc6 3. Nc3 e5 4. e3 Nf6 5. d4 cxd4 6. exd4 e4 7. Ng5 Bb4 8. d5 Ne5 9. Qd4 d6 10. Ngxe4 Nxe4 11. Qxe4 0-0 12. Be2 Re8 13. 0-0 Bxc3 14. bxc3 b6 15. Bd1 Ba6 16. Ba4 Re7 17. Bb5 Bxb5 18. cxb5 Rc7 19. f4 Nd7 20. Ba3 Nf6 21. Qd3 Rac8 22. Bb4 Rc4 23. a4 Ne4 24. Ra3 f5 25. g3 h5 26. Kg2 Qf6 27. Rf3 Rxb4 28. cxb4 Qb2+ 29. Kg1 Rc1+ 30. Rf1 Qf2+ 0-1